Your Average Geography Quiz - Statistics

General Stats
  • This quiz has been taken 31 times
  • The average score is 65 of 150
Answer Stats
Question Answer % Correct
What is the largest city in Brazil? São Paulo
97%
What city is located on gondolas? Venice
97%
What is the most holy river in India? Ganges
93%
What is the largest city in Libya? Tripoli
93%
Saint Martin is an island that is shared by France and what other country? Netherlands
87%
What is the largest city in Illinois? Chicago
83%
The Aswan High Dam is on which river? Nile
83%
What is the largest city in Japan? Tokyo
83%
What mountain range is home to Everest, K2, and Lhotse? Himalayas
80%
What lake is Kampala on? Lake {Victoria}
80%
What country is sandwiched between Ghana and Benin? Togo
80%
What is the capital of British Columbia? Victoria
80%
What peninsula in France is also a Celtic nation? Brittany
77%
What is the largest city in the UAE? Dubai
77%
Japanese city famous for their beef. Kobe
77%
Tver, Kazan, Nizhny Novgorod, and Samara all lie on what river? Volga
73%
What mountain chain lies throughout western South America? Andes
70%
What is the capital of Australia? Canberra
70%
Name one of South Africa's capitals. Cape Town | Bloemfontein | Pretoria
70%
What is the largest island in the world? Greenland
70%
What is the capital of Cuba? Havana
70%
What is the capital of Bavaria? Munich
70%
What is the capital of France? Paris
70%
What country wraps around Gambia? Senegal
70%
What island is off the southeast coast of Australia? Tasmania
70%
Kinshasa and Brazzaville are capital cities that are separated by what river? Congo
67%
Name either one of the two largest islands in the Philippines. Luzon | Mindanao
67%
What is the largest island in the Indian Ocean? Madagascar
67%
Which city did pizza originate from? Naples
67%
What country has the largest number of languages spoken? Papua New Guinea
67%
What desert makes up most of southern Mongolia? Gobi
63%
What country does Sardinia belong to? Italy
63%
Excluding overseas territories, what country straddles in all four hemispheres? Kiribati
63%
What country is enclaved by South Africa? Lesotho
63%
What is the longest river in Indochina? Mekong
63%
What mountain range separates France and Spain? Pyrenees
63%
What is the youngest country in the world as of this quiz? South Sudan
63%
Agra is home to what famous landmark? Taj Mahal
63%
What peninsula does Yemen lie on? {Arabian} Peninsula
60%
What sea does Iran touch to the north? {Caspian} Sea
60%
Which Great Lake touches Buffalo, New York? Erie
60%
What island chain was famously visited by Charles Darwin? Galapagos
60%
What country is known as "Billionaire's Playground?" Monaco
60%
What region in northeastern U.S. consists of states like Maine, Vermont, and Connecticut? New England
60%
What is the currency of Poland? Złoty
60%
What northern city in Syria starting with A is one of the oldest continuously inhabited cities in the world? Aleppo
57%
What peninsula located in Mexico is almost cut off by the Gulf of California? Baja California
57%
Where is the Sagrada Familia located? Barcelona
57%
The cities of Heraklion and Chania can be found on what island? Crete
57%
What city is also known as Saigon? Ho Chi Minh City
57%
What country was founded by freed American slaves? Liberia
57%
What does "Nova Scotia" mean in English? New Scotland
57%
What is the largest non-polar desert in the world? Sahara
57%
What is the largest city in Netherlands? Amsterdam
53%
What is the capital of Texas? Austin
53%
What do you call someone from Bangladesh? Bangladeshi
53%
What is the tallest building in the world? Burj Khalifa
53%
What is the most populated urban area in the world? Guangzhou
53%
The main three islands of the Balearic Islands are Mallorca, Menorca, and what? Ibiza
53%
What is the oldest university in England? Oxford
53%
What language is commonly spoken by native Algerians? Arabic
50%
What island consists of Haiti and the Dominican Republic? Hispaniola
50%
What is the largest city in Western Australia? Perth
50%
The Azores and Madeira belong to which country? Portugal
50%
What island are the cities of Messina, Syracuse, and Palermo located on? Sicily
50%
What is the largest city in New Zealand? Auckland
47%
What stone should you kiss in Ireland? {Blarney} Stone
47%
What city in Morocco means "White House?" Casablanca
47%
What ancient, significant, and important library in Egypt was burned in a civil war? Library of {Alexandria}
47%
What is the capital of Zambia? Lusaka
47%
What is the ninth largest country in the world? Kazakhstan
43%
What is the second-largest city in Algeria? Oran
43%
What semi-arid region is south of the Sahara? Sahel
43%
What "sea" did Jesus walk on? Sea of {Galilee}
43%
What body of water does Vladivostok lie on? Sea of {Japan}
43%
What archipelago is Scotland's highest point? {Shetland} Islands
43%
What island is to the southeast of India? Sri Lanka
43%
What strait separates Spain and Morocco? Strait of {Gibraltar}
43%
What is the capital of Corsica? Ajaccio
40%
What is the capital of Kazakhstan? Astana
40%
What is the name of the soldiers in Nepal, known for their bravery? {Gurkha}s
40%
Fukuoka is located on what island? Kyushu
40%
What temple is located in Athens and is dedicated to the goddess Athena? Parthenon
40%
What river does Hanoi lie on? {Red} River
40%
Which Indonesian island houses Medan and Jambi? Sumatra
40%
What is the oldest national park in the world? Yellowstone
40%
What is the largest city in Ivory Coast? Abidjan
37%
What peninsula does most of Turkey lie on? Anatolia
37%
What famous religious site is located in Siem Reap? Angkor Wat
37%
What city's name in Myanmar is also shared with a casino and resort in Las Vegas? Mandalay
37%
What bridge connects Copenhagen and Malmö? {Øresund} Bridge
37%
What city is the Oriental Pearl Tower located? Shanghai
37%
What country is home to the Serengeti? Tanzania
37%
What body of water does Cancún touch? Caribbean Sea
33%
What city hosted the Winter Olympics in 1964 and 1976 Innsbruck
33%
Ceuta is one of the two Spanish autonomous exclaves located in Africa. What is the other? Melilla
33%
What desert covers southern Israel? Negev
33%
What is the second largest city in Serbia? Novi Sad
33%
Iraq's coastline is on what body of water? {Persian} Gulf
33%
What separates Iran from Oman's exclave? Strait of {Hormuz}
33%
What city is home to the European Parliament? Strasbourg
33%
What island in Papua New Guinea may be a country soon? Bougainville
30%
What freshwater lake is famously home to sharks? Lake {Nicaragua}
30%
What port city is known as the "Gateway to Europe." Rotterdam
30%
Mariupol lies on what sea? {Azov} Sea
27%
What mountain range is Elbrus located in? Caucasus
27%
What gulf does Riga lie on? Gulf of {Riga}
27%
What Asian city, starting with H, is home to a famous Ice Festival? Harbin
27%
What southern island in South Korea is home to Cheonjiyeon Waterfall? Jeju
27%
What Thai island in the Andaman Sea is famous for its beaches? Phuket
27%
What river does Lisbon lie on? Tagus
27%
What major city in Malaysia is only a few miles away from Singapore? Johor Bahru
23%
What lake lies on Switzerland's northeast border with Germany? Lake {Constance}
23%
What is the longest river in Russia? Lena
23%
What is the capital of Bahia? Salvador
23%
What Chinese province is Chengdu located in? Sichuan
23%
Other than the Ottawa River, Montreal lies on which river? St. Lawrence
23%
Jordan's coastline is on what body of water? Gulf of {Aqaba}
20%
What peninsula does most of Quebec Province lie on? Labrador
20%
Gqeberha is a city in which country? South Africa
20%
What is the capital of Tamil Nadu? Chennai
17%
What waterfall is on the border of Brazil and Argentina? {Iguazu} Falls
17%
What is the largest lake that is completely in Kazakhstan? Lake {Balkhash}
17%
What is the largest reservoir in Ghana? Lake {Volta}
17%
Name either state on Malaysian Borneo. Sabah | Sarawak
17%
What river is home to the Victoria Falls? Zambezi
17%
What is the capital of the ancient Songhai Empire? Gao
13%
What is the capital of the Silesian Voivodeship? Katowice
13%
What southern city in Spain also shares its name with a type of wine? Málaga
13%
What city is home to the University of Sankore? Timbuktu
13%
Poland, Czechia, Slovakia, and Hungary make up this alliance. {Visegrád} Group
13%
How do you say Estonia in Estonian? Eesti
10%
What is the oldest natural lake in Europe? Lake {Ohrid}
10%
What is the capital of Svalbard? Longyearbyen
10%
Driving north of San Francisco, California, what county do you drive through first? Marin
10%
What is the name of Afghanistan's panhandle that borders China? {Wakhan} Corridor
10%
What sea does Marbella touch? {Alboran} Sea
7%
What archipelago is off the southwest coast of Guinea-Bissau? Bissagos
7%
What is the second largest city in Zimbabwe? Bulawayo
7%
What is the southernmost province in Laos? Champasak
7%
What is the largest lake in Australia? Lake {Eyre}
7%
The Moi International Airport is located in which city on the Indian Ocean? Mombasa
7%
Obock is a city in which country? Djibouti
3%
What strait lies between Borneo and Sulawesi? {Makassar} Strait
3%
What is the capital of Mayotte? Mamoudzou
3%
What river does Antwerp lie on? Scheldt
3%
What river runs through Pyongyang? Taedong
3%
What region in Myanmar makes up the southern panhandle? {Tanintharyi} Region
3%
What city in Botswana is known for diamonds? Jwaneng
0%
What islands owned by Indonesia lie between the two parts of Malaysia? {Riau} Islands
0%
No matching quizzes found
Score Distribution
Percent of People with Each Score
Percentile by Number Answered
Your Score History
You have not taken this quiz